000 00540nam a2200181Ia 4500
003 OSt
005 20260127161404.0
008 210210b1956 xxu||||| |||| 00| 0 eng d
040 _cAL
041 _aKannada
082 _a854/54
100 _aKRASHNAMURTI (K)
_9162594
_dಕೃಷ್ಣಮೂರ್ತಿ (ಕೆ)
245 _aKannada kavya prakasha 1:
_bಕನ್ನಡ ಕಾವ್ಯ ಪ್ರಕಾಶ ೧
260 _aMaisuru
_bSharada Mandira
_c1956
690 _aKannada Criticism
_9162595
906 _a019905
942 _2ddc
_cBK
999 _c144055
_d144055